000 01096nam a22002655i 4500
001 175146
003 ES-MaACL
005 20250815103932.0
008 101007s1962 sp do |||| | spa d
080 _a615.33
080 _a579
100 1 _aPortolés Alonso, Antonio.
_993294
245 1 0 _aAportaciones al estudio de la antiobiótico resistencia microbiana "in vivo"
_b: premio "Alonso de Herrera", 1958 /
_cAntonio Portolés Alonso.
260 _aMadrid :
_bConsejo Superior de Investigaciones Científicas,
_c1962.
300 _a87 p., [4] h. de gráf. pleg., [1] h., [70] p. de fot. ;
_c25 cm.
490 1 _aMonografías de ciencia moderna ;
_v65
490 1 _aInstituto "Jaime Ferrán" de Microbiología ;
_v2
650 1 4 _aAntibióticos.
_99849
650 0 4 _aMicrobiología.
_915023
710 2 _aConsejo Superior de Investigaciones Científicas (España)
_93236
830 0 _aMonografías de ciencia moderna
_v65
_9189470
830 0 _aInstituto "Jaime Ferrán" de Microbiología ;
_v2
_9189530
852 _aES-MaACL
_jE-13329
_xOlim P-555 bis
999 _c175146
_d175146